000 00524nam a22001577a 4500
999 _c7990
_d7991
008 190619b ||||| |||| 00| 0 eng d
020 _a9780826120175
082 _a616 H34s 2011
100 _aHarvey, Douglas Braun
245 _aSexual health in recovery :
_ba professional counselor's manual
260 _aNew York :
_b Springer Pub.,
_c2011.
300 _axx, 297 p.
_bill.
_c23 cm.
500 _a Includes bibliographical references and index.
650 _a Drug addiction--Treatment. Sex. Counseling.
942 _2ddc